| 000 | 00950cam a22002778a 4500 | ||
|---|---|---|---|
| 008 | |||
| 020 | _a013028419X (pbk.) | ||
| 049 | _aMAIN | ||
| 090 |
_aQA76.625 _bDEI |
||
| 100 | 1 | _aDeitel, Harvey M. | |
| 245 | 1 | 0 |
_aE-business & e-commerce : _bhow to program / _cH.M. Deitel, P.J. Deitel, T.R. Nieto. |
| 260 |
_aUpper Saddle River, N.J. ; _aLondon : _bPrentice Hall, _c2001. |
||
| 300 |
_axlv, 1254 p. : _bcol. ill. ; _c24 cm. + _e1 computer optical disc (4 3/4 in.) |
||
| 504 | _aIncludes bibliographical references. | ||
| 500 | _aIncludes index. | ||
| 650 | 0 |
_aInternet programming _vProblems, exercises, etc. |
|
| 650 | 0 |
_aWorld Wide Web _vProblems, exercises, etc. |
|
| 650 | 0 | _aElectronic commerce. | |
| 700 | 1 | _aDeitel, Paul J. | |
| 700 | 1 | _aNieto, T. R. | |
| 907 |
_a.b1021379x _b27-07-16 _c07-09-06 |
||
| 003 | |||
| 005 | 20230123122226.0 | ||
| 040 | _cNUST | ||
| 942 |
_cBOOKS _kQA76.625 _mDEI |
||
| 999 |
_c129963 _d129963 |
||